[Event "H. C. Andersen Mind Games"]
[Site "?"]
[Date "2012.05.19"]
[Round "7.14"]
[White "Poulsen, 2084, Iver"]
[Black "Nielsen, 2163, John Bauneborg"]
[Result "1/2-1/2"]
[BlackElo "2163"]
[WhiteElo "2084"]

1. e4 {[%clk 1:30:34]} c5 {[%clk 1:30:41]} 2. Nc3 {[%clk 1:30:58]} Nc6
{[%clk 1:31:02]} 3. Nf3 {[%clk 1:31:10]} e5 {[%clk 1:31:27]} 4. Bc4
{[%clk 1:31:09]} d6 {[%clk 1:31:46]} 5. d3 {[%clk 1:31:21]} Be6 {[%clk 1:31:45]}
6. Nd5 {[%clk 1:28:12]} Bxd5 {[%clk 1:30:01]} 7. Bxd5 {[%clk 1:28:03]} Be7
{[%clk 1:26:04]} 8. c3 {[%clk 1:22:59]} Nf6 {[%clk 1:24:37]} 9. Qb3
{[%clk 1:20:30]} Nxd5 {[%clk 0:59:13]} 10. exd5 {[%clk 1:16:46]} Nb8
{[%clk 0:58:49]} 11. Qxb7 {[%clk 1:16:29]} Nd7 {[%clk 0:54:34]} 12. Qb3
{[%clk 1:14:32]} O-O {[%clk 0:50:09]} 13. Bd2 {[%clk 1:05:40]} f5
{[%clk 0:48:25]} 14. Qc2 {[%clk 1:01:49]} Rb8 {[%clk 0:42:36]} 15. Rb1
{[%clk 0:48:21]} Rb7 {[%clk 0:38:56]} 16. c4 {[%clk 0:38:26]} Bf6
{[%clk 0:33:31]} 17. O-O {[%clk 0:36:53]} Qe7 {[%clk 0:24:42]} 18. b4
{[%clk 0:32:39]} Rfb8 {[%clk 0:19:16]} 19. a3 {[%clk 0:28:55]} g6
{[%clk 0:17:37]} 20. Rfe1 {[%clk 0:28:41]} Qg7 {[%clk 0:17:18]} 21. b5
{[%clk 0:25:45]} g5 {[%clk 0:15:33]} 22. Bc3 {[%clk 0:20:05]} g4 {[%clk 0:14:31]}
23. Nd2 {[%clk 0:20:03]} Rf8 {[%clk 0:12:25]} 24. Rf1 {[%clk 0:16:58]} Kh8
{[%clk 0:07:18]} 25. Kh1 {[%clk 0:12:06]} Rg8 {[%clk 0:07:10]} 26. Rg1
{[%clk 0:12:11]} h5 {[%clk 0:06:48]} 27. Nf1 Nf8 {[%clk 0:05:26]} 28. Re1
{[%clk 0:11:39]} Qg6 {[%clk 0:05:11]} 29. Qe2 {[%clk 0:11:13]} Rh7
{[%clk 0:05:12]} 30. a4 {[%clk 0:10:48]} h4 {[%clk 0:05:36]} 31. f3
{[%clk 0:10:10]} gxf3 {[%clk 0:04:13]} 32. Qxf3 {[%clk 0:10:28]} Rh5
{[%clk 0:04:23]} 33. Bd2 {[%clk 0:09:44]} h3 {[%clk 0:04:12]} 34. Ng3
{[%clk 0:07:35]} hxg2+ {[%clk 0:03:10]} 35. Qxg2 Rh4 36. Qf1 {[%clk 0:06:52]} Qh7
{[%clk 0:02:46]} 37. Re2 {[%clk 0:06:51]} f4 {[%clk 0:01:33]} 38. Ne4
{[%clk 0:06:46]} Rxg1+ {[%clk 0:01:25]} 39. Qxg1 Be7 40. a5 {[%clk 0:05:41]} Rh3
{[%clk 0:01:26]} 41. Qb1 {[%clk 0:04:22]} Qh5 {[%clk 0:01:01]} 42. Rf2
{[%clk 0:03:10]} Ng6 {[%clk 0:00:44]} 43. b6 {[%clk 0:03:30]} axb6
{[%clk 0:01:05]} 44. a6 {[%clk 0:03:10]} Nh4 {[%clk 0:01:30]} 45. a7
{[%clk 0:03:27]} Nf3 {[%clk 0:01:30]} 46. a8=Q+ {[%clk 0:03:52]} Kh7
{[%clk 0:01:53]} 47. Qg1 {[%clk 0:03:36]} Nxg1 {[%clk 0:02:00]} 48. Kxg1
{[%clk 0:03:56]} Qd1+ {[%clk 0:02:27]} 49. Kg2 {[%clk 0:03:54]} Qg4+
{[%clk 0:01:34]} 50. Kf1 {[%clk 0:02:10]} Qd1+ {[%clk 0:01:35]} 51. Kg2
{[%clk 0:02:35]} Qg4+ {[%clk 0:01:45]} 52. Kf1 {[%clk 0:03:02]} Qd1+
{[%clk 0:01:27]} 1/2-1/2

[Event "H. C. Andersen Mind Games"]
[Site "?"]
[Date "2012.05.19"]
[Round "7.15"]
[White "Stolberg-Rohr, 1985, WFM Thomine"]
[Black "Wilton, 2151, Lars"]
[Result "1/2-1/2"]
[BlackElo "2151"]
[WhiteElo "1985"]

1. e4 {[%clk 1:30:55]} d5 {[%clk 1:30:20]} 2. exd5 {[%clk 1:31:19]} Nf6
{[%clk 1:30:45]} 3. Bb5+ {[%clk 1:31:43]} Bd7 {[%clk 1:31:12]} 4. Bc4
{[%clk 1:32:00]} b5 {[%clk 1:31:10]} 5. Bb3 {[%clk 1:32:22]} Bg4 {[%clk 1:31:32]}
6. f3 {[%clk 1:32:42]} Bc8 {[%clk 1:31:57]} 7. Nc3 {[%clk 1:33:01]} a6
{[%clk 1:31:50]} 8. Nge2 {[%clk 1:32:28]} Bb7 {[%clk 1:31:50]} 9. Nf4
{[%clk 1:31:09]} g5 {[%clk 1:21:03]} 10. Nd3 {[%clk 1:20:49]} Nxd5
{[%clk 1:19:42]} 11. Nc5 {[%clk 1:14:23]} Bc6 {[%clk 1:18:06]} 12. d4
{[%clk 1:13:53]} e6 {[%clk 1:18:16]} 13. N3e4 {[%clk 1:10:48]} Be7
{[%clk 1:13:36]} 14. c3 {[%clk 1:07:45]} Nd7 {[%clk 1:10:30]} 15. Nd3
{[%clk 0:58:46]} h6 {[%clk 1:04:25]} 16. Qe2 {[%clk 0:57:43]} Bb7
{[%clk 1:01:48]} 17. Bd2 {[%clk 0:56:50]} Qc8 {[%clk 0:57:52]} 18. Rf1
{[%clk 0:53:06]} c5 {[%clk 0:56:54]} 19. dxc5 {[%clk 0:50:06]} Qc7
{[%clk 0:45:50]} 20. f4 {[%clk 0:43:38]} g4 {[%clk 0:38:15]} 21. f5
{[%clk 0:39:32]} e5 {[%clk 0:29:15]} 22. O-O-O {[%clk 0:30:18]} O-O-O
{[%clk 0:28:09]} 23. Kb1 {[%clk 0:23:56]} f6 {[%clk 0:26:05]} 1/2-1/2

[Event "H. C. Andersen Mind Games"]
[Site "?"]
[Date "2012.05.19"]
[Round "7.16"]
[White "Christiansen, 2151, Jens Jorgen"]
[Black "Frantsen, 2122, Tom"]
[Result "0-1"]
[BlackElo "2122"]
[WhiteElo "2151"]

1. d4 {[%clk 1:30:57]} d6 {[%clk 1:30:51]} 2. e4 {[%clk 1:30:55]} Nf6
{[%clk 1:31:16]} 3. Bd3 {[%clk 1:31:11]} e5 {[%clk 1:31:20]} 4. Nf3
{[%clk 1:30:31]} Nbd7 {[%clk 1:29:40]} 5. O-O {[%clk 1:30:18]} Be7
{[%clk 1:30:06]} 6. c3 {[%clk 1:29:10]} O-O {[%clk 1:30:07]} 7. Re1
{[%clk 1:29:22]} c6 {[%clk 1:30:03]} 8. a4 {[%clk 1:29:05]} Qc7 {[%clk 1:28:08]}
9. Nbd2 {[%clk 1:27:56]} Re8 {[%clk 1:26:56]} 10. h3 {[%clk 1:26:11]} Nf8
{[%clk 1:23:49]} 11. Nc4 {[%clk 1:22:27]} Ng6 {[%clk 1:17:08]} 12. a5
{[%clk 1:22:30]} Bf8 {[%clk 1:07:37]} 13. Qc2 {[%clk 1:16:55]} Bd7
{[%clk 1:02:37]} 14. Be3 {[%clk 1:10:55]} b5 {[%clk 0:58:33]} 15. axb6
{[%clk 1:10:12]} axb6 {[%clk 0:58:55]} 16. Rxa8 {[%clk 1:00:38]} Rxa8
{[%clk 0:59:17]} 17. Nxb6 {[%clk 1:00:58]} Qxb6 {[%clk 0:51:27]} 18. dxe5
{[%clk 1:01:05]} Qd8 {[%clk 0:51:31]} 19. exf6 {[%clk 1:01:18]} Qxf6
{[%clk 0:51:40]} 20. Bg5 {[%clk 0:52:58]} Qe6 {[%clk 0:51:49]} 21. b3
{[%clk 0:50:27]} h6 {[%clk 0:48:25]} 22. Bc4 {[%clk 0:49:02]} Qe8
{[%clk 0:48:49]} 23. Bd2 {[%clk 0:48:06]} Ra5 {[%clk 0:41:55]} 24. b4
{[%clk 0:41:58]} Rh5 {[%clk 0:41:05]} 25. Bf1 {[%clk 0:41:16]} Qc8
{[%clk 0:29:57]} 26. Kh2 {[%clk 0:39:42]} d5 {[%clk 0:27:51]} 27. e5
{[%clk 0:38:36]} Bf5 {[%clk 0:24:46]} 28. Qc1 {[%clk 0:36:51]} Be4
{[%clk 0:24:57]} 29. Be2 {[%clk 0:30:59]} Qf5 {[%clk 0:16:34]} 30. Rg1
{[%clk 0:25:42]} Nxe5 {[%clk 0:13:45]} 31. Nxe5 {[%clk 0:25:34]} Rxh3+
{[%clk 0:14:00]} 32. gxh3 {[%clk 0:25:41]} Qxf2+ {[%clk 0:14:19]} 0-1

[Event "H. C. Andersen Mind Games"]
[Site "?"]
[Date "2012.05.19"]
[Round "7.17"]
[White "Johansen, 1967, Johnny Holler"]
[Black "Rewitz, 2253, FM Poul"]
[Result "0-1"]
[BlackElo "2253"]
[WhiteElo "1967"]

1. e4 {[%clk 1:30:56]} e6 {[%clk 1:30:48]} 2. d4 {[%clk 1:31:21]} d5
{[%clk 1:31:15]} 3. exd5 {[%clk 1:31:43]} exd5 {[%clk 1:31:36]} 4. Bd3
{[%clk 1:32:02]} Nc6 {[%clk 1:31:11]} 5. c3 {[%clk 1:32:22]} Bd6 {[%clk 1:31:22]}
6. Nf3 {[%clk 1:32:20]} Bg4 {[%clk 1:31:37]} 7. Nbd2 {[%clk 1:32:35]} Nge7
{[%clk 1:31:40]} 8. O-O {[%clk 1:32:53]} Qd7 {[%clk 1:31:57]} 9. Qc2
{[%clk 1:33:04]} O-O-O {[%clk 1:31:58]} 10. b4 {[%clk 1:32:35]} Ng6
{[%clk 1:28:18]} 11. h3 {[%clk 1:01:46]} Be6 {[%clk 1:27:05]} 12. Nb3
{[%clk 1:02:09]} Nf4 {[%clk 1:20:03]} 13. Bxf4 {[%clk 1:02:27]} Bxf4
{[%clk 1:20:23]} 14. Nc5 {[%clk 1:02:54]} Qd6 {[%clk 1:07:02]} 15. Qa4
{[%clk 1:01:12]} Kb8 {[%clk 1:05:23]} 16. Qb5 {[%clk 1:00:23]} b6
{[%clk 1:01:51]} 17. a4 {[%clk 0:59:45]} Ne7 {[%clk 0:57:40]} 18. a5
{[%clk 0:56:14]} c6 {[%clk 0:47:26]} 19. Qa4 {[%clk 0:35:26]} bxc5
{[%clk 0:46:57]} 20. bxc5 {[%clk 0:35:51]} Qd7 {[%clk 0:44:10]} 21. Rfb1+
{[%clk 0:35:25]} Ka8 {[%clk 0:44:30]} 22. a6 {[%clk 0:22:37]} Rb8
{[%clk 0:44:31]} 23. Rb7 {[%clk 0:21:43]} Rxb7 {[%clk 0:43:55]} 24. axb7+
{[%clk 0:22:07]} Qxb7 {[%clk 0:44:17]} 25. Rb1 {[%clk 0:22:16]} Qd7
{[%clk 0:41:57]} 26. g3 {[%clk 0:17:12]} Bxh3 {[%clk 0:32:06]} 27. Kh2
{[%clk 0:16:45]} Rb8 {[%clk 0:30:04]} 28. gxf4 {[%clk 0:14:52]} Rxb1
{[%clk 0:23:45]} 29. Ne5 {[%clk 0:14:04]} Qb7 {[%clk 0:23:15]} 30. Bxb1
{[%clk 0:14:28]} f6 {[%clk 0:23:07]} 31. Nxc6 {[%clk 0:12:51]} Bd7
{[%clk 0:22:48]} 32. Qxa7+ {[%clk 0:08:18]} Qxa7 {[%clk 0:23:06]} 33. Nxa7
{[%clk 0:08:41]} Kxa7 {[%clk 0:23:22]} 34. Bxh7 {[%clk 0:08:50]} f5
{[%clk 0:22:19]} 35. Kg3 {[%clk 0:08:26]} Ka6 {[%clk 0:22:40]} 36. Kf3
{[%clk 0:08:38]} Kb5 {[%clk 0:23:01]} 37. Ke3 {[%clk 0:08:57]} Kc4
{[%clk 0:23:21]} 38. Kd2 {[%clk 0:09:21]} Ba4 {[%clk 0:23:32]} 0-1

[Event "H. C. Andersen Mind Games"]
[Site "?"]
[Date "2012.05.19"]
[Round "7.18"]
[White "Hansen, 1905, Ib Lynaes"]
[Black "Pedersen, 2138, Nicolai Kvist Brondt"]
[Result "0-1"]
[BlackElo "2138"]
[WhiteElo "1905"]

1. d4 {[%clk 1:30:30]} d5 {[%clk 1:30:49]} 2. Nf3 {[%clk 1:30:53]} Nf6
{[%clk 1:31:14]} 3. g3 {[%clk 1:31:02]} Bf5 {[%clk 1:30:55]} 4. Bg2
{[%clk 1:31:22]} e6 {[%clk 1:30:34]} 5. O-O {[%clk 1:31:21]} Be7 {[%clk 1:28:48]}
6. Bf4 {[%clk 1:26:36]} O-O {[%clk 1:27:33]} 7. Nbd2 {[%clk 1:26:12]} c5
{[%clk 1:27:36]} 8. c3 {[%clk 1:22:02]} Nc6 {[%clk 1:27:35]} 9. h3
{[%clk 1:19:02]} h6 {[%clk 1:27:28]} 10. e3 {[%clk 1:18:02]} Ne4 {[%clk 1:24:42]}
11. g4 {[%clk 1:17:23]} Bh7 {[%clk 1:24:43]} 12. Nxe4 {[%clk 1:17:03]} Bxe4
{[%clk 1:25:10]} 13. Nd2 {[%clk 1:15:28]} Bxg2 {[%clk 1:24:27]} 14. Kxg2
{[%clk 1:15:50]} b5 {[%clk 1:21:52]} 15. a3 {[%clk 1:07:20]} a5 {[%clk 1:17:25]}
16. Qe2 {[%clk 1:06:53]} Qb6 {[%clk 1:12:59]} 17. Rh1 {[%clk 1:03:39]} f6
{[%clk 1:04:53]} 18. Qd3 {[%clk 1:00:57]} f5 {[%clk 0:54:02]} 19. gxf5
{[%clk 0:48:50]} c4 {[%clk 0:52:08]} 20. Qe2 {[%clk 0:48:44]} exf5
{[%clk 0:52:27]} 21. Rhg1 {[%clk 0:48:40]} Nd8 {[%clk 0:50:43]} 22. Qh5
{[%clk 0:45:40]} Ra6 {[%clk 0:49:30]} 23. Kh1 {[%clk 0:45:40]} Qe6
{[%clk 0:45:54]} 24. Rg2 {[%clk 0:44:35]} Kh7 {[%clk 0:37:16]} 25. Rag1
{[%clk 0:39:25]} Rg8 {[%clk 0:34:53]} 26. Nf3 {[%clk 0:36:03]} Nf7
{[%clk 0:34:02]} 27. Rg6 {[%clk 0:34:43]} Qxg6 {[%clk 0:29:03]} 28. Rxg6
{[%clk 0:35:07]} Rxg6 {[%clk 0:29:30]} 29. Qxf5 {[%clk 0:35:25]} Bf6
{[%clk 0:29:04]} 30. h4 {[%clk 0:35:16]} h5 {[%clk 0:28:53]} 31. Qxh5+
{[%clk 0:29:26]} Nh6 {[%clk 0:29:21]} 32. Ng5+ {[%clk 0:29:01]} Bxg5
{[%clk 0:28:16]} 33. hxg5 {[%clk 0:26:16]} Rf8 {[%clk 0:26:55]} 34. gxh6
{[%clk 0:25:02]} Rxf4 {[%clk 0:27:02]} 35. exf4 {[%clk 0:24:58]} Rxh6
{[%clk 0:27:29]} 36. Qxh6+ {[%clk 0:24:13]} gxh6 {[%clk 0:27:17]} 37. Kg2
{[%clk 0:24:33]} Kg6 {[%clk 0:25:37]} 38. Kg3 {[%clk 0:22:38]} Kf5
{[%clk 0:24:23]} 39. Kf3 {[%clk 0:22:27]} h5 {[%clk 0:09:54]} 40. Kg3
{[%clk 0:21:56]} Ke4 {[%clk 0:04:09]} 41. Kh4 {[%clk 0:22:05]} Kxf4
{[%clk 0:04:30]} 42. Kxh5 {[%clk 0:22:28]} Kf3 {[%clk 0:04:57]} 43. Kg5
{[%clk 0:22:45]} Kxf2 {[%clk 0:05:13]} 44. Kf4 {[%clk 0:22:58]} Ke2
{[%clk 0:05:24]} 45. Ke5 {[%clk 0:22:46]} Kd2 {[%clk 0:05:04]} 46. Kxd5
{[%clk 0:23:06]} Kc2 {[%clk 0:05:01]} 47. Kc5 {[%clk 0:22:27]} Kxb2
{[%clk 0:04:54]} 48. d5 {[%clk 0:22:51]} b4 {[%clk 0:02:25]} 49. d6
{[%clk 0:22:11]} bxc3 {[%clk 0:01:58]} 50. d7 {[%clk 0:22:32]} c2
{[%clk 0:02:22]} 51. d8=Q {[%clk 0:22:52]} c1=Q {[%clk 0:02:43]} 52. Qb6+
{[%clk 0:22:55]} Ka2 {[%clk 0:02:09]} 53. Qd8 {[%clk 0:19:23]} c3
{[%clk 0:01:40]} 54. Qd5+ {[%clk 0:18:19]} Ka1 {[%clk 0:01:33]} 55. Qe5
{[%clk 0:15:22]} Qxa3+ {[%clk 0:01:51]} 56. Kc4 {[%clk 0:15:30]} Kb2
{[%clk 0:01:56]} 57. Qe2+ {[%clk 0:15:14]} c2 {[%clk 0:02:06]} 58. Qe5+
{[%clk 0:14:27]} Kb1 {[%clk 0:02:17]} 59. Qf5 {[%clk 0:13:33]} a4
{[%clk 0:02:22]} 0-1

[Event "H. C. Andersen Mind Games"]
[Site "?"]
[Date "2012.05.19"]
[Round "7.19"]
[White "Munksgaard, 1877, Daniel"]
[Black "Sorensen, 1993, Alex"]
[Result "0-1"]
[BlackElo "1993"]
[WhiteElo "1877"]

1. e4 {[%clk 1:30:17]} e5 {[%clk 1:29:25]} 2. Nf3 {[%clk 1:30:46]} Nf6
{[%clk 1:29:45]} 3. Nc3 {[%clk 1:30:56]} d6 {[%clk 1:25:44]} 4. d4
{[%clk 1:30:56]} exd4 {[%clk 1:17:33]} 5. Nxd4 {[%clk 1:31:06]} Be7
{[%clk 1:16:59]} 6. Bd3 {[%clk 1:27:40]} Nbd7 {[%clk 1:16:28]} 7. Nf5
{[%clk 1:26:26]} O-O {[%clk 1:15:47]} 8. Bg5 {[%clk 1:25:33]} Nd5
{[%clk 1:09:16]} 9. Bh6 {[%clk 1:06:09]} Nxc3 {[%clk 0:58:24]} 10. Qg4
{[%clk 1:00:10]} g6 {[%clk 0:58:35]} 11. bxc3 {[%clk 0:50:05]} Bf6
{[%clk 0:46:15]} 12. Bxf8 {[%clk 0:41:41]} Bxc3+ {[%clk 0:46:00]} 13. Ke2
{[%clk 0:38:24]} Kxf8 {[%clk 0:39:05]} 14. Ne3 {[%clk 0:35:36]} Bxa1
{[%clk 0:36:27]} 15. Rxa1 {[%clk 0:35:59]} Qf6 {[%clk 0:36:14]} 16. Rb1
{[%clk 0:35:17]} Nc5 {[%clk 0:31:34]} 17. Qg3 {[%clk 0:34:45]} Qe6
{[%clk 0:29:43]} 18. Qf4 {[%clk 0:33:01]} Nxd3 {[%clk 0:27:39]} 19. Kxd3
{[%clk 0:30:50]} b6 {[%clk 0:26:17]} 20. Qh6+ {[%clk 0:27:42]} Kg8
{[%clk 0:24:57]} 21. f4 {[%clk 0:25:53]} Ba6+ {[%clk 0:24:23]} 22. c4
{[%clk 0:25:56]} Re8 {[%clk 0:23:55]} 23. Re1 {[%clk 0:15:48]} Qxe4+
{[%clk 0:23:02]} 24. Kc3 {[%clk 0:16:09]} Bxc4 {[%clk 0:22:27]} 25. Nf5
{[%clk 0:15:11]} Qd3+ {[%clk 0:22:05]} 26. Kb2 {[%clk 0:12:59]} Qd2+
{[%clk 0:22:03]} 27. Ka3 {[%clk 0:12:38]} Qxa2+ {[%clk 0:22:07]} 0-1

[Event "H. C. Andersen Mind Games"]
[Site "?"]
[Date "2012.05.19"]
[Round "7.20"]
[White "Hansen, 1992, Lars-Henrik Bech"]
[Black "Heinemann, 1885, Guido"]
[Result "1-0"]
[BlackElo "1885"]
[WhiteElo "1992"]

1. e4 {[%clk 1:26:12]} e5 {[%clk 1:30:53]} 2. Nf3 Nc6 {[%clk 1:31:19]} 3. d4
{[%clk 1:26:54]} exd4 {[%clk 1:31:40]} 4. Bc4 {[%clk 1:27:06]} Nf6
{[%clk 1:29:02]} 5. e5 {[%clk 1:27:25]} d5 {[%clk 1:28:29]} 6. Bb5
{[%clk 1:27:41]} Ne4 {[%clk 1:25:27]} 7. Nxd4 {[%clk 1:26:23]} Bc5
{[%clk 1:22:21]} 8. O-O {[%clk 1:25:55]} Bxd4 {[%clk 1:20:46]} 9. Qxd4
{[%clk 1:25:42]} O-O {[%clk 1:21:08]} 10. Bxc6 {[%clk 1:25:10]} bxc6
{[%clk 1:18:12]} 11. f3 {[%clk 1:25:13]} Ng5 {[%clk 1:18:03]} 12. f4
{[%clk 1:23:39]} Ne6 {[%clk 1:12:41]} 13. Qc3 {[%clk 1:23:11]} Ba6
{[%clk 1:06:31]} 14. Re1 {[%clk 1:23:06]} Qh4 {[%clk 1:06:28]} 15. g3
{[%clk 1:22:04]} Qh3 {[%clk 0:56:36]} 16. Be3 {[%clk 1:20:31]} Bb7
{[%clk 0:55:38]} 17. Bc5 {[%clk 1:17:17]} Rfd8 {[%clk 0:50:45]} 18. Nd2
{[%clk 1:16:16]} d4 {[%clk 0:43:52]} 19. Qa3 {[%clk 1:14:07]} d3 {[%clk 0:32:58]}
20. cxd3 {[%clk 1:14:30]} Nxc5 {[%clk 0:32:58]} 21. Qxc5 {[%clk 1:13:59]} Rxd3
{[%clk 0:31:25]} 22. Ne4 {[%clk 1:13:33]} Rad8 {[%clk 0:31:25]} 23. Nf2
{[%clk 1:13:33]} Rxg3+ {[%clk 0:28:10]} 24. hxg3 {[%clk 1:13:47]} Qxg3+
{[%clk 0:28:32]} 25. Kf1 {[%clk 1:13:54]} Ba6+ {[%clk 0:28:18]} 26. Re2
{[%clk 1:13:40]} Bxe2+ {[%clk 0:28:14]} 27. Kxe2 {[%clk 1:13:46]} Qxf4
{[%clk 0:28:16]} 28. Rd1 {[%clk 1:12:22]} Rxd1 {[%clk 0:18:59]} 29. Kxd1
{[%clk 1:10:41]} Qa4+ {[%clk 0:17:47]} 30. Kc1 {[%clk 1:09:06]} h6
{[%clk 0:15:49]} 31. a3 {[%clk 1:09:24]} Qf4+ {[%clk 0:15:38]} 32. Kb1
{[%clk 1:09:41]} g5 {[%clk 0:14:30]} 33. Nd3 {[%clk 1:06:54]} Qe4
{[%clk 0:14:01]} 34. Kc2 {[%clk 1:06:52]} g4 {[%clk 0:13:36]} 35. Qf2
{[%clk 1:04:29]} c5 {[%clk 0:08:39]} 36. Qf4 {[%clk 1:04:20]} Qxf4
{[%clk 0:05:05]} 37. Nxf4 {[%clk 1:04:45]} Kg7 {[%clk 0:05:05]} 38. Kd3
{[%clk 1:04:45]} c4+ {[%clk 0:01:52]} 39. Ke4 {[%clk 1:05:05]} a5
{[%clk 0:01:42]} 40. Kf5 {[%clk 1:05:28]} g3 {[%clk 0:01:49]} 41. Nh5+
{[%clk 1:05:49]} 1-0

[Event "H. C. Andersen Mind Games"]
[Site "?"]
[Date "2012.05.19"]
[Round "7.21"]
[White "Skytte, 1973, Torill"]
[Black "Dirlis, 1852, Nikolaos"]
[Result "0-1"]
[BlackElo "1852"]
[WhiteElo "1973"]

1. d4 {[%clk 1:30:58]} d5 {[%clk 1:28:33]} 2. Bf4 {[%clk 1:31:21]} Nf6
{[%clk 1:28:42]} 3. e3 {[%clk 1:31:46]} c5 {[%clk 1:28:56]} 4. c3
{[%clk 1:32:09]} e6 {[%clk 1:29:18]} 5. Nd2 {[%clk 1:32:23]} Nc6 {[%clk 1:29:39]}
6. Bd3 {[%clk 1:32:30]} Bd6 {[%clk 1:27:01]} 7. Bg3 {[%clk 1:32:30]} O-O
{[%clk 1:27:17]} 8. Ngf3 {[%clk 1:32:24]} b6 {[%clk 1:27:29]} 9. Ne5
{[%clk 1:25:40]} Ne7 {[%clk 1:27:26]} 10. Ng4 {[%clk 1:17:22]} Nxg4
{[%clk 1:24:54]} 11. Qxg4 {[%clk 1:17:45]} e5 {[%clk 1:25:10]} 12. Qe2
{[%clk 1:12:57]} e4 {[%clk 1:25:14]} 13. Bc2 {[%clk 1:13:21]} a5 {[%clk 1:24:21]}
14. c4 {[%clk 1:08:08]} cxd4 {[%clk 1:22:39]} 15. exd4 {[%clk 1:08:33]} f5
{[%clk 1:22:40]} 16. Bxd6 {[%clk 0:59:04]} Qxd6 {[%clk 1:22:59]} 17. O-O
{[%clk 0:59:01]} Ba6 {[%clk 1:10:09]} 18. Bb3 {[%clk 0:51:19]} a4
{[%clk 1:08:11]} 19. Bxa4 {[%clk 0:50:08]} dxc4 {[%clk 1:03:26]} 20. Nxc4
{[%clk 0:48:06]} Qb4 {[%clk 0:50:59]} 21. Bb3 {[%clk 0:46:53]} Kh8
{[%clk 0:50:35]} 22. Rac1 {[%clk 0:38:52]} Rac8 {[%clk 0:49:59]} 23. Rfd1
{[%clk 0:31:43]} Rfd8 {[%clk 0:49:08]} 24. Rc2 {[%clk 0:22:08]} Nc6
{[%clk 0:47:09]} 25. Qh5 {[%clk 0:14:54]} Nxd4 {[%clk 0:41:39]} 26. Rc3
{[%clk 0:13:17]} Bxc4 {[%clk 0:38:38]} 27. Bxc4 {[%clk 0:06:39]} Rxc4
{[%clk 0:37:33]} 28. Rh3 {[%clk 0:04:20]} Nf3+ {[%clk 0:37:45]} 29. gxf3
{[%clk 0:04:39]} Rxd1+ {[%clk 0:38:05]} 30. Kg2 {[%clk 0:05:04]} exf3+
{[%clk 0:38:04]} 31. Rxf3 {[%clk 0:04:37]} Rg4+ {[%clk 0:35:30]} 32. Kh3
{[%clk 0:04:25]} Rg6 {[%clk 0:35:37]} 33. Qxf5 {[%clk 0:01:48]} Rh6+
{[%clk 0:35:55]} 34. Kg2 {[%clk 0:02:02]} Rd8 {[%clk 0:34:27]} 35. a3
{[%clk 0:02:23]} Qe7 {[%clk 0:34:30]} 36. Re3 {[%clk 0:02:09]} Qb7+
{[%clk 0:33:54]} 37. f3 {[%clk 0:02:09]} Rf6 {[%clk 0:33:39]} 38. Qb5
{[%clk 0:01:55]} Rdf8 {[%clk 0:33:50]} 39. Qh5 {[%clk 0:01:56]} Qf7
{[%clk 0:33:38]} 40. Qh3 {[%clk 0:02:05]} Rg6+ {[%clk 0:33:41]} 41. Kf2
{[%clk 0:02:26]} Qd5 {[%clk 0:32:21]} 42. Qh4 {[%clk 0:00:51]} Qg5
{[%clk 0:32:05]} 43. Qb4 {[%clk 0:00:57]} Qg1+ {[%clk 0:32:03]} 44. Ke2
{[%clk 0:01:27]} Qxh2+ {[%clk 0:31:35]} 45. Kd3 {[%clk 0:01:52]} Rd8+
{[%clk 0:31:39]} 46. Kc4 {[%clk 0:01:31]} Qh4+ {[%clk 0:31:53]} 47. Re4
{[%clk 0:01:59]} Qf6 {[%clk 0:30:43]} 48. f4 {[%clk 0:00:58]} Qc6+
{[%clk 0:30:58]} 49. Kb3 {[%clk 0:00:55]} Qd5+ {[%clk 0:30:44]} 50. Kc2
{[%clk 0:00:38]} Rc6+ {[%clk 0:31:04]} 51. Kb1 {[%clk 0:00:52]} Rdc8
{[%clk 0:30:50]} 52. Re1 {[%clk 0:00:51]} h6 {[%clk 0:30:16]} 53. Qe7
{[%clk 0:00:59]} Qf5+ {[%clk 0:29:46]} 54. Ka2 {[%clk 0:01:02]} Rc2
{[%clk 0:29:49]} 55. Qb4 {[%clk 0:01:13]} Qd5+ {[%clk 0:29:37]} 56. Kb1
{[%clk 0:01:40]} Qd2 {[%clk 0:27:57]} 57. Re4 {[%clk 0:00:39]} Qxb4
{[%clk 0:26:36]} 0-1

[Event "H. C. Andersen Mind Games"]
[Site "?"]
[Date "2012.05.19"]
[Round "7.23"]
[White "Caceres, 1731, Cipriano Sande"]
[Black "Nielsen, 1616, Thomas"]
[Result "0-1"]
[BlackElo "1616"]
[WhiteElo "1731"]

1. c4 {[%clk 1:24:58]} d5 {[%clk 1:30:49]} 2. cxd5 {[%clk 1:25:15]} Qxd5
{[%clk 1:31:10]} 3. Nc3 {[%clk 1:25:31]} Qd6 {[%clk 1:30:55]} 4. d4
{[%clk 1:25:16]} c5 {[%clk 1:30:36]} 5. e3 {[%clk 1:25:02]} cxd4 {[%clk 1:30:37]}
6. exd4 {[%clk 1:25:04]} Bd7 {[%clk 1:30:27]} 7. Nge2 {[%clk 1:23:50]} e6
{[%clk 1:30:32]} 8. a3 {[%clk 1:22:28]} Nf6 {[%clk 1:30:50]} 9. Bf4
{[%clk 1:22:36]} Qb6 {[%clk 1:29:58]} 10. Qd2 {[%clk 1:16:43]} Bd6
{[%clk 1:29:58]} 11. Bxd6 {[%clk 1:14:47]} Qxd6 {[%clk 1:30:22]} 12. f3
{[%clk 1:15:08]} Nd5 {[%clk 1:30:09]} 13. Ne4 {[%clk 1:13:26]} Qe7
{[%clk 1:30:15]} 14. N2c3 {[%clk 1:10:43]} O-O {[%clk 1:28:41]} 15. Bd3
{[%clk 1:09:38]} Nc6 {[%clk 1:28:51]} 16. Bc2 {[%clk 1:08:03]} Nxc3
{[%clk 1:29:00]} 17. bxc3 {[%clk 1:08:04]} Na5 {[%clk 1:28:02]} 18. Qd3
{[%clk 1:07:09]} f5 {[%clk 1:27:41]} 19. Nf2 {[%clk 1:06:36]} a6 {[%clk 1:27:48]}
20. Qe2 {[%clk 1:06:02]} Rac8 {[%clk 1:27:29]} 21. Nd1 {[%clk 1:05:27]} Bb5
{[%clk 1:27:29]} 22. Bd3 {[%clk 1:03:39]} Bxd3 {[%clk 1:27:17]} 23. Qxd3
{[%clk 1:04:07]} Nc4 {[%clk 1:26:08]} 24. a4 {[%clk 1:03:11]} Rfd8
{[%clk 1:25:56]} 25. O-O {[%clk 1:03:15]} e5 {[%clk 1:25:56]} 26. Re1
{[%clk 1:01:18]} Qf6 {[%clk 1:25:58]} 27. Qe2 {[%clk 0:58:32]} exd4
{[%clk 1:25:42]} 28. cxd4 {[%clk 0:57:20]} Qxd4+ {[%clk 1:26:05]} 29. Kh1
{[%clk 0:57:04]} Qxa1 {[%clk 1:26:25]} 30. Nf2 {[%clk 0:53:33]} Qxa4
{[%clk 1:22:55]} 31. Qe6+ {[%clk 0:53:18]} Kh8 {[%clk 1:23:01]} 32. Qxf5
{[%clk 0:52:28]} Ne3 {[%clk 1:21:56]} 33. Qb1 {[%clk 0:47:06]} Qc2
{[%clk 1:21:35]} 34. Qxc2 {[%clk 0:43:21]} Rxc2 {[%clk 1:21:52]} 35. Kg1
{[%clk 0:43:28]} Rdd2 {[%clk 1:21:15]} 0-1